Statistics for F1 Quiz 3

Click here to take the quiz!

General Stats

  • This quiz has been taken 146 times
    (144 since last reset)
  • The average score is 12 of 24

Answer Stats

Answer% Correct
Michael Schumacher
96%
Fernando Alonso
89%
Lewis Hamilton
84%
Jos and Max Verstappen
83%
Kimi Raikkonen
83%
Keke and Nico Rosberg
82%
Niki Lauda
76%
Graham and Damon Hill
74%
Juan Manuel Fangio
67%
Alberto Ascari
61%
Jody Scheckter
52%
Gilles and Jacques Villeneuve
51%
Mike Hawthorn
50%
John Surtees
49%
Nelson and Nelsinho Piquet
47%
Jan and Kevin Magnussen
43%
Emerson and Wilson Fittipaldi
39%
Mario and Michael Andretti
36%
Jonathan and Jolyon Palmer
16%
Satoru and Kazuki Nakajima
13%
Manfred and Markus Winkelhock
10%
Hans and Hans-Joachim Stuck
7%
Reg and Tim Parnell
5%
André and Teddy Pilette
3%

Score Distribution

Percentile by Number Answered

Percent of People with Each Score

Your Score History

You have not taken this quiz since the last reset